| 000 | 00389pab a2200157 454500 | ||
|---|---|---|---|
| 008 | 180718b2000 xxu||||| |||| 00| 0 eng d | ||
| 100 | _aHartmus, Diane M. | ||
| 245 | _aElements of a good sexual harassment policy | ||
| 260 | _c2000 | ||
| 300 | _ap.50-54 | ||
| 362 | _aSpring | ||
| 650 | _aSexual abuse | ||
| 700 | _aNiblock, Susan Butler | ||
| 773 | _aPublic Manager | ||
| 909 | _a51134 | ||
| 999 |
_c51134 _d51134 |
||